| 000 | 00758nam a22002537a 4500 | ||
|---|---|---|---|
| 001 | 0134 | ||
| 003 | DO-SdBNP | ||
| 005 | 20180119133902.0 | ||
| 007 | 0134 | ||
| 008 | 151005b1995 ck 00| 0 spa d | ||
| 020 | _a9580211183 | ||
| 040 |
_aBPMSU _bspa _cBPMSU |
||
| 092 |
_aXXXX _bXXXX |
||
| 100 | 1 | _aLuque Lucas, Luis | |
| 245 | 1 | 0 |
_aCocina para hombres _bmanual para varones que no quieren doblegarse por hambre ante las mujeres / _cLuis Luque Lucas ; ilustración José Guillermo Peña |
| 260 |
_aColombia : _bVoluntad, _c1995. |
||
| 300 |
_a133 p. : _c18 cm. |
||
| 521 | 1 | _aA partir de los 12 años | |
| 700 | 1 | 2 |
_aPeña, José Guillermo _eil. |
| 910 | _a202 | ||
| 942 |
_2ddc _cBK |
||
| 945 | _aInventariado, 2018 / YL | ||
| 956 |
_aYngrid Lockward _b10 _cBPMSU |
||
| 999 |
_c8767 _d8767 |
||